| 000 | 00819nam a2200265 a 4500 | ||
|---|---|---|---|
| 005 | 20151117092557.0 | ||
| 008 | 151117b xxu||||| |||| 00| 0 spa d | ||
| 040 |
_aCO-BoIAVH _cCO-BoIAVH |
||
| 041 | _aspa | ||
| 090 |
_aLB _b00751 |
||
| 110 |
_bUNCSTD _942253 |
||
| 245 |
_aProductividad, innovación y desarrollo tecnológico en Colombia _bsituación actual y políticas de fomento |
||
| 260 |
_aBogotá _bUNCSTD _c1997 |
||
| 300 | _a137 p. | ||
| 650 |
_aDesarrollo tecnológico _910711 |
||
| 650 |
_aDesarrollo económico _942254 |
||
| 650 |
_aPolítica económica _942255 |
||
| 650 |
_aPolítica tecnológica _924358 |
||
| 650 |
_aCiencia y tecnología _942256 |
||
| 650 |
_aDesarrollo social _942257 |
||
| 662 | _aColombia | ||
| 710 |
_a^aCOLCIENCIAS _93973 |
||
| 710 |
_a^aUNCTAD _919848 |
||
| 942 |
_cINFORME _2z |
||
| 999 |
_c766 _d766 |
||